|
|
|
|
| LEADER |
00614cam a2200181 7i4500 |
| 001 |
0000024682 |
| 005 |
20100623090000.0 |
| 020 |
0 |
0 |
|a 978-92-1-112782-9
|
| 090 |
0 |
0 |
|a I 380.1
|b UNI
|
| 110 |
2 |
0 |
|a United Nations
|
| 245 |
2 |
0 |
|a Trade and environment review 2009/ 2010 :
|b promoting poles of clean growth to foster the transition to a more sustainable economy.
|
| 260 |
0 |
0 |
|a Geneva:
|b United Nations,
|c 2009.
|
| 300 |
# |
# |
|a 208 p.
|
| 650 |
0 |
0 |
|a Environment
|
| 650 |
0 |
0 |
|a International trade
|
| 650 |
0 |
0 |
|a Energy industries
|
| 650 |
0 |
0 |
|a Sustainable agriculture
|
| 999 |
|
|
|a 0000026601
|b Book
|c International
|e Business Information Centre
|